000
00321nam a2200133Ia 4500
008
230817s1988 xx 000 0 und d
041
_a
eng
082
_a
615.119/GUP
100
_a
"Gupta S, R. "
245
_a
Hand Book of Medicin
260
_b
S.CHAND
_c
1988
300
_a
744
650
_a
PHARMACOLOGY AND TOXICOLOGY
999
_c
822888
_d
822888